000 00828nam a2200241 a 4500
999 _c11919
_d11919
001 11919
003 BD-JhCC
005 20220223134022.0
008 201129s2018 bg a|||| ||a| 000 0 ben d
020 _a9789849046455
035 _a(BD-JhCC)11919
040 _aBD-JhCC
_dBD-JhCC
041 _aben
082 _a658.4058
_bADI 2018
100 _aআদিত্য, শিশির
245 _aসহজ উপায়ে আউটসোর্সিং /
_cশিশির আদিত্য ।
260 _aঢাকা :
_bইত্যাদি গ্রন্থ প্রকাশ;
_c২০১৮.
300 _a১১০ পৃ. :
_bচিত্রাবলী;
_c২২ সেমি.
650 _aInformation technology--Management
650 _aOutsourcing
942 _2ddc
_cBK
_03